[Event "CRO-Ch 2018"]
[Site "Pozega"]
[Date "2018.04.22"]
[Round "6.2"]
[White "Bosiocic, Marin"]
[Black "Kovacevic, Blazimir"]
[Result "1-0"]
[WhiteElo "2605"]
[BlackElo "2493"]
[PlyCount "133"]
[EventDate "2018.??.??"]
[WhiteClock "1:30:00"]
[BlackClock "1:30:00"]

1. e4 e6 2. d4 d5 3. Nc3 Be7 4. Nf3 Nf6 5. Bd3 c5 6. exd5 exd5 7. dxc5 O-O 8.
Bg5 Nbd7 9. O-O h6 10. Bh4 Nxc5 11. Nd4 Be6 12. Re1 Qb6 13. Rb1 Rad8 14. Nce2
Rfe8 15. c3 Nfe4 16. Bxe7 Rxe7 17. Ng3 Ree8 18. Re3 Bd7 19. Bc2 Nf6 20. Nf1 Bg4
21. f3 Bd7 22. Kh1 Ne6 23. Rd3 Nxd4 24. Rxd4 Re5 25. Ng3 Rde8 26. Qd2 Qe6 27.
Rg1 Re1 28. Qf2 Qe3 29. Qxe3 R8xe3 30. Rd1 Rxd1 31. Rxd1 g6 32. Kg1 Re7 33. Bb3
Bc6 34. Kf2 Kf8 35. Nf1 Rd7 36. Ne3 Ke7 37. h4 Ke6 38. g4 Ng8 39. h5 gxh5 40.
gxh5 Nf6 41. Bc2 Ke5 42. Re1 Nxh5 43. Rh1 Nf4 44. Rxh6 Ne6 45. Ng4+ Kd6 46. f4
Kc7 47. Ne5 Re7 48. Ke3 Be8 49. b4 Nf8 50. Bd3 a6 51. Bc2 Re6 52. Rh8 Nd7 53.
Kd4 Nb6 54. Rh7 Rf6 55. f5 Nd7 56. Ng4 Rc6 57. Bb3 Nf6 58. Nxf6 Rxf6 59. Ke5
Rc6 60. Bxd5 Rxc3 61. Bxf7 Bxf7 62. Rxf7+ Kc6 63. f6 Re3+ 64. Kf5 Rf3+ 65. Kg4
Ra3 66. Rf8 Kd6 67. Re8 1-0

[Event "CRO-Ch 2018"]
[Site "Pozega"]
[Date "2018.04.22"]
[Round "6.3"]
[White "Brkic, Ante"]
[Black "Martinovic, Sasa"]
[Result "1/2-1/2"]
[WhiteElo "2596"]
[BlackElo "2594"]
[PlyCount "83"]
[EventDate "2018.??.??"]
[WhiteClock "1:30:00"]
[BlackClock "1:30:00"]

1. Nf3 d5 2. e3 Nf6 3. c4 c6 4. Nc3 e6 5. b3 Bd6 6. Bb2 O-O 7. Be2 Nbd7 8. Qc2
a6 9. d4 b6 10. O-O Bb7 11. e4 dxe4 12. Nxe4 Nxe4 13. Qxe4 Qe7 14. Ne5 f5 15.
Qf3 Nxe5 16. dxe5 Bb4 17. Qe3 Rad8 18. Rad1 Bc5 19. Qc1 Qh4 20. Bf3 Rxd1 21.
Qxd1 Rd8 22. Qe2 Rd7 23. g3 Qd8 24. Rd1 Rxd1+ 25. Qxd1 Qxd1+ 26. Bxd1 b5 27.
Be2 g5 28. Bc1 g4 29. Be3 Ba3 30. Bb6 Bb2 31. Bc7 Bd4 32. Bd6 Kf7 33. c5 Kg6
34. Kg2 Bc8 35. f3 h5 36. fxg4 hxg4 37. h3 gxh3+ 38. Kxh3 Kg5 39. Be7+ Kg6 40.
Bd6 Kg5 41. Be7+ Kg6 42. Bd6 1/2-1/2

[Event "CRO-Ch 2018"]
[Site "Pozega"]
[Date "2018.04.22"]
[Round "6.4"]
[White "Jovanovic, Zoran"]
[Black "Stevic, Hrvoje"]
[Result "1/2-1/2"]
[WhiteElo "2536"]
[BlackElo "2587"]
[PlyCount "34"]
[EventDate "2018.??.??"]
[WhiteClock "1:29:00"]
[BlackClock "1:30:00"]

1. e4 c6 2. d4 d5 3. Nd2 dxe4 4. Nxe4 Bf5 5. Ng3 Bg6 6. h4 h6 7. Nf3 Nd7 8. h5
Bh7 9. Bd3 Bxd3 10. Qxd3 e6 11. Bf4 Qa5+ 12. Bd2 Qc7 13. O-O-O Ngf6 14. Ne4
Nxe4 15. Qxe4 Nf6 16. Qe2 O-O-O 17. Kb1 Bd6 1/2-1/2

[Event "CRO-Ch 2018"]
[Site "Pozega"]
[Date "2018.04.22"]
[Round "6.5"]
[White "Palac, Mladen"]
[Black "Saric, Ante"]
[Result "1-0"]
[WhiteElo "2551"]
[BlackElo "2541"]
[PlyCount "89"]
[EventDate "2018.??.??"]
[WhiteClock "1:21:00"]
[BlackClock "1:30:00"]

1. e4 e5 2. Nf3 Nf6 3. d4 Nxe4 4. Bd3 d5 5. Nxe5 Nd7 6. Nxd7 Bxd7 7. O-O Bd6 8.
Qh5 Qf6 9. Nc3 Qxd4 10. Be3 Qe5 11. Qxe5+ Bxe5 12. Nxd5 Nf6 13. Rae1 Nxd5 14.
Bd4 O-O-O 15. Rxe5 Nb4 16. Rg5 Nxd3 17. cxd3 Bc6 18. Bxg7 Rhe8 19. Bc3 Rg8 20.
Rxg8 Rxg8 21. f3 Kd7 22. Kf2 Re8 23. g4 Bd5 24. a3 Re6 25. h4 Bb3 26. f4 Rd6
27. Ke3 Bc2 28. Rc1 Ba4 29. f5 Bb5 30. d4 b6 31. Kf4 c5 32. dxc5 bxc5 33. Be5
Rd5 34. Re1 Ba4 35. Bf6 Kc6 36. Re8 Rd1 37. Ra8 Kb6 38. Rh8 Rf1+ 39. Kg5 Rg1
40. Rxh7 Bd1 41. Rxf7 Rxg4+ 42. Kh6 Bb3 43. Rf8 Kc6 44. Bg5 Rg2 45. Kg6 1-0

[Event "CRO-Ch 2018"]
[Site "Pozega"]
[Date "2018.04.22"]
[Round "6.6"]
[White "Fercec, Nenad"]
[Black "Kozul, Zdenko"]
[Result "1/2-1/2"]
[WhiteElo "2446"]
[BlackElo "2611"]
[PlyCount "92"]
[EventDate "2018.??.??"]
[WhiteClock "1:30:00"]
[BlackClock "1:30:00"]

1. e4 c5 2. Nf3 e6 3. d4 cxd4 4. Nxd4 a6 5. Nc3 Qc7 6. Bd3 Nf6 7. Qe2 d6 8. g4
Nc6 9. Nb3 Be7 10. g5 Nd7 11. Be3 b5 12. f4 Nc5 13. Nxc5 dxc5 14. e5 Bb7 15.
Be4 O-O-O 16. O-O b4 17. Na4 Nd4 18. Qg2 Nf5 19. Bxb7+ Qxb7 20. Qxb7+ Kxb7 21.
Bxc5 Rd2 22. Rad1 Rhd8 23. Rxd2 Rxd2 24. Bxe7 Nxe7 25. Rf2 Rd1+ 26. Rf1 Rd4 27.
Nc5+ Kb6 28. Nd3 Nd5 29. Rf3 a5 30. b3 g6 31. Kf1 Re4 32. Rh3 Ne3+ 33. Kf2 Nxc2
34. Rxh7 Nd4 35. Nc1 Rxf4+ 36. Ke3 Rg4 37. Rxf7 Nf5+ 38. Kd3 Rd4+ 39. Ke2 Rh4
40. Rf6 Kc5 41. Nd3+ Kd5 42. h3 Re4+ 43. Kd2 Rd4 44. Ke2 Re4+ 45. Kd2 Rd4 46.
Ke2 Re4+ 1/2-1/2

[Event "CRO-Ch 2018"]
[Site "Pozega"]
[Date "2018.04.23"]
[Round "7.1"]
[White "Kozul, Zdenko"]
[Black "Kuljasevic, Davorin"]
[Result "1-0"]
[WhiteElo "2611"]
[BlackElo "2538"]
[PlyCount "72"]
[EventDate "2018.??.??"]

1. Nf3 d5 2. c4 d4 3. b4 Bg4 4. d3 Bxf3 5. exf3 e5 6. a3 a5 7. b5 Bd6 8. g3 Nd7
9. Nd2 Ngf6 10. Bg2 Nc5 11. Qc2 O-O 12. O-O Nfd7 13. Bb2 Qf6 14. Ne4 Nxe4 15.
fxe4 a4 16. Bc1 Nc5 17. f4 Qd8 18. Ra2 c6 19. Bh3 cxb5 20. fxe5 Bxe5 21. cxb5
Nb3 22. Bf4 Bxf4 23. Rxf4 Qe7 24. b6 Qc5 25. Qxc5 Nxc5 26. Rf5 Nxd3 27. Bf1 Nc1
28. Rc2 Rac8 29. Rc7 d3 30. Rfxf7 Rfd8 31. Rxg7+ Kf8 32. Rxh7 Kg8 33. Rcg7+ Kf8
34. Rxb7 Kg8 35. Rbg7+ Kf8 36. Rc7 Kg8 1-0

[Event "CRO-Ch 2018"]
[Site "Pozega"]
[Date "2018.04.23"]
[Round "7.2"]
[White "Saric, Ante"]
[Black "Fercec, Nenad"]
[Result "1/2-1/2"]
[WhiteElo "2541"]
[BlackElo "2446"]
[PlyCount "99"]
[EventDate "2018.??.??"]

1. c4 Nf6 2. Nf3 e6 3. g3 b6 4. Bg2 Bb7 5. O-O g6 6. d4 Bg7 7. Nc3 O-O 8. Bf4
d6 9. Qc2 Nc6 10. Rad1 h6 11. h3 Qe7 12. Rfe1 Rab8 13. e4 Nd7 14. Be3 Na5 15.
b3 a6 16. Qd2 Kh7 17. Nh2 Rbd8 18. f4 f5 19. Bf2 Qf7 20. exf5 gxf5 21. d5 e5
22. Ne2 Bc8 23. Nf3 Nb7 24. Nh4 Kg8 25. b4 Nf6 26. Qc2 Nh5 27. fxe5 dxe5 28. c5
e4 29. cxb6 cxb6 30. Bxb6 Rxd5 31. Rxd5 Qxd5 32. Be3 Be6 33. Ng6 Rf7 34. a3 Qc4
35. Rc1 Qxc2 36. Rxc2 Nd6 37. Rc6 Nc4 38. Rxe6 Nxe3 39. g4 Rf6 40. Rxf6 Nxf6
41. Ne7+ Kh7 42. Nxf5 Nc2 43. a4 Nxb4 44. Neg3 Nd3 45. Nxe4 Nb2 46. Nc3 Bh8 47.
Ne7 Bg7 48. Nf5 Bh8 49. Ne7 Bg7 50. Nf5 1/2-1/2

[Event "CRO-Ch 2018"]
[Site "Pozega"]
[Date "2018.04.23"]
[Round "7.4"]
[White "Martinovic, Sasa"]
[Black "Jovanovic, Zoran"]
[Result "0-1"]
[WhiteElo "2594"]
[BlackElo "2536"]
[PlyCount "80"]
[EventDate "2018.??.??"]

1. d4 d6 2. c4 e5 3. Nf3 e4 4. Ng5 f5 5. Nc3 c6 6. Nh3 Be7 7. Bf4 Nf6 8. e3 O-O
9. Bg3 Na6 10. Be2 Nc7 11. O-O h6 12. d5 g5 13. f3 exf3 14. Bxf3 g4 15. dxc6
gxf3 16. Qxf3 bxc6 17. Qxc6 Rb8 18. c5 Bb7 19. Qa4 Ne4 20. Nxe4 Bxe4 21. Nf2
Qe8 22. Qd1 Bg5 23. cxd6 Nd5 24. d7 Qxd7 25. Bxb8 Rxb8 26. Nxe4 fxe4 27. Kh1
Qe6 28. Qa4 Nxe3 29. Qxa7 Rc8 30. Rf2 Ng4 31. Re2 Qe5 32. Qg1 e3 33. h3 Nf6 34.
Qh2 Qe4 35. Rf1 Nh5 36. Kg1 Nf4 37. Ree1 Rc2 38. Rf3 Rxg2+ 39. Qxg2 Nxg2 40.
Kxg2 e2 0-1

[Event "CRO-Ch 2018"]
[Site "Pozega"]
[Date "2018.04.23"]
[Round "7.5"]
[White "Kovacevic, Blazimir"]
[Black "Brkic, Ante"]
[Result "1-0"]
[WhiteElo "2493"]
[BlackElo "2596"]
[PlyCount "55"]
[EventDate "2018.??.??"]

1. d4 Nf6 2. Nf3 d5 3. g3 c5 4. Bg2 cxd4 5. O-O e6 6. Nxd4 e5 7. Nf3 Nc6 8. c4
d4 9. e3 Be7 10. exd4 exd4 11. Bf4 Be6 12. Re1 O-O 13. Ne5 Qb6 14. Nd2 Rac8 15.
a3 Qxb2 16. Bxc6 bxc6 17. Nb3 Rb8 18. Rb1 Qxa3 19. Nxc6 Rb7 20. Nbxd4 Rxb1 21.
Nxe7+ Qxe7 22. Qxb1 Qc5 23. Nxe6 fxe6 24. Qb5 Rc8 25. Rxe6 Qd4 26. Re7 Rd8 27.
Qg5 g6 28. Qh6 1-0

[Event "CRO-Ch 2018"]
[Site "Pozega"]
[Date "2018.04.23"]
[Round "7.6"]
[White "Saric, Ivan"]
[Black "Bosiocic, Marin"]
[Result "1-0"]
[WhiteElo "2677"]
[BlackElo "2605"]
[PlyCount "91"]
[EventDate "2018.??.??"]

1. e4 e5 2. Nf3 Nc6 3. Bb5 Nf6 4. d3 Bc5 5. Nbd2 O-O 6. O-O d6 7. c3 a6 8. Bxc6
bxc6 9. Qc2 Bb6 10. a4 Re8 11. a5 Ba7 12. Re1 Bg4 13. h3 Bh5 14. Qa4 c5 15. Qc6
Qc8 16. Nh4 Rb8 17. Nc4 Re6 18. Nf5 Kh8 19. Qa4 Qd7 20. Qxd7 Nxd7 21. g4 Bg6
22. Nh4 f6 23. Nxg6+ hxg6 24. f4 Rb5 25. f5 gxf5 26. gxf5 Re7 27. Be3 Bb8 28.
Reb1 c6 29. b4 cxb4 30. cxb4 Bc7 31. Na3 Rb7 32. h4 Kg8 33. h5 Kf7 34. Kg2 Re8
35. Rc1 Nb8 36. Rab1 Rh8 37. Rh1 Ke8 38. Kf3 d5 39. exd5 cxd5 40. b5 Kd7 41.
Rhg1 Rh7 42. bxa6 Rxb1 43. a7 Nc6 44. a8=Q Rb8 45. Qa6 Rb2 46. Rc1 1-0

[Event "CRO-Ch 2018"]
[Site "Pozega"]
[Date "2018.04.24"]
[Round "8.1"]
[White "Kuljasevic, Davorin"]
[Black "Bosiocic, Marin"]
[Result "0-1"]
[WhiteElo "2538"]
[BlackElo "2605"]
[PlyCount "84"]
[EventDate "2018.??.??"]
[WhiteClock "1:29:00"]
[BlackClock "1:30:00"]

1. d4 Nf6 2. c4 e6 3. Nf3 b6 4. g3 Ba6 5. b3 Bb4+ 6. Bd2 Be7 7. Nc3 d5 8. cxd5
exd5 9. Bg2 O-O 10. O-O Bb7 11. Bc1 Nbd7 12. Bb2 Re8 13. Rc1 a6 14. e3 Bd6 15.
Nd2 Ne4 16. Ncxe4 dxe4 17. Nc4 Bd5 18. Qc2 Nf6 19. Rfd1 b5 20. Na5 Qd7 21. Qd2
Rac8 22. Rc2 h5 23. Bc3 c6 24. Bb4 Bb8 25. Qe2 h4 26. Qf1 Nh7 27. Bh3 f5 28.
gxh4 g5 29. hxg5 Nxg5 30. Qg2 Kh8 31. Kf1 Rg8 32. Ke2 Qh7 33. Be7 Qh5+ 34. Bg4
fxg4 35. Kd2 Nf3+ 36. Kc1 Qh3 37. Qh1 Bxh2 38. Kb2 Bb8 39. Rdc1 Qxh1 40. Rxh1+
Kg7 41. Rhc1 Kf7 42. Bb4 Rg6 0-1

[Event "CRO-Ch 2018"]
[Site "Pozega"]
[Date "2018.04.24"]
[Round "8.2"]
[White "Brkic, Ante"]
[Black "Saric, Ivan"]
[Result "1/2-1/2"]
[WhiteElo "2596"]
[BlackElo "2677"]
[PlyCount "23"]
[EventDate "2018.??.??"]
[WhiteClock "1:30:00"]
[BlackClock "1:30:00"]

1. e4 e5 2. Nf3 Nc6 3. Nc3 Nf6 4. d4 exd4 5. Nxd4 Bb4 6. Nxc6 bxc6 7. Bd3 O-O
8. O-O d5 9. exd5 cxd5 10. h3 c6 11. Qf3 Rb8 12. Bf4 1/2-1/2

[Event "CRO-Ch 2018"]
[Site "Pozega"]
[Date "2018.04.24"]
[Round "8.3"]
[White "Jovanovic, Zoran"]
[Black "Kovacevic, Blazimir"]
[Result "1-0"]
[WhiteElo "2536"]
[BlackElo "2493"]
[PlyCount "59"]
[EventDate "2018.??.??"]
[WhiteClock "1:28:00"]
[BlackClock "1:30:00"]

1. e4 d5 2. exd5 Qxd5 3. Nc3 Qa5 4. Bc4 Nf6 5. d3 c6 6. Bd2 Qc7 7. Qe2 e6 8.
Nf3 Bd6 9. Ne4 Nxe4 10. dxe4 e5 11. Ng5 O-O 12. Qh5 h6 13. h4 Be6 14. Nxe6 fxe6
15. Bxe6+ Kh8 16. Bf5 Qf7 17. Qxf7 Rxf7 18. Rd1 Bc7 19. Ke2 Na6 20. g4 Raf8 21.
Rh2 Rf6 22. Bc3 Nc5 23. g5 Rd6 24. Rxd6 Bxd6 25. b3 Re8 26. gxh6 gxh6 27. f4
Ne6 28. Bxe6 Rxe6 29. Rg2 Kh7 30. h5 1-0

[Event "CRO-Ch 2018"]
[Site "Pozega"]
[Date "2018.04.24"]
[Round "8.4"]
[White "Palac, Mladen"]
[Black "Martinovic, Sasa"]
[Result "1/2-1/2"]
[WhiteElo "2551"]
[BlackElo "2594"]
[PlyCount "56"]
[EventDate "2018.??.??"]
[WhiteClock "1:20:00"]
[BlackClock "1:30:00"]

1. c4 e6 2. Nc3 d5 3. d4 Nf6 4. cxd5 exd5 5. Bg5 c6 6. e3 h6 7. Bh4 Be7 8. Bd3
O-O 9. Nge2 Nbd7 10. f3 b5 11. O-O Bb7 12. Bf2 a6 13. Ng3 c5 14. Nf5 c4 15. Bc2
b4 16. Nxe7+ Qxe7 17. Ne2 Rfe8 18. Ng3 g6 19. Re1 h5 20. Qd2 a5 21. e4 h4 22.
Nf5 gxf5 23. Qg5+ Kh8 24. Bxh4 fxe4 25. Qh6+ Kg8 26. Qg5+ Kh8 27. Qh6+ Kg8 28.
Qg5+ Kh8 1/2-1/2

[Event "CRO-Ch 2018"]
[Site "Pozega"]
[Date "2018.04.24"]
[Round "8.5"]
[White "Fercec, Nenad"]
[Black "Stevic, Hrvoje"]
[Result "1/2-1/2"]
[WhiteElo "2446"]
[BlackElo "2587"]
[PlyCount "202"]
[EventDate "2018.??.??"]
[WhiteClock "1:30:00"]
[BlackClock "1:30:00"]

1. e4 e5 2. Nf3 Nc6 3. Bb5 a6 4. Ba4 Nf6 5. d3 b5 6. Bb3 Be7 7. Nc3 d6 8. a3
O-O 9. O-O Bb7 10. Bg5 Qd7 11. Nd5 Nxd5 12. Bxd5 Bxg5 13. Nxg5 h6 14. Nf3 Rab8
15. c3 Ne7 16. Bxb7 Rxb7 17. d4 Qe6 18. b4 a5 19. bxa5 Ra8 20. a4 Rxa5 21. axb5
Raxb5 22. g3 Ng6 23. dxe5 Nxe5 24. Re1 Qh3 25. Nxe5 Rxe5 26. Qf3 Rh5 27. Qg2
Qxg2+ 28. Kxg2 Rb3 29. Re3 Rc5 30. Rc1 Rb2 31. Kf1 Rc4 32. h3 f6 33. f3 Rh2 34.
Kg1 Rxh3 35. f4 Rh5 36. f5 Rg5 37. Rf1 Kf7 38. Kg2 g6 39. fxg6+ Rxg6 40. Kf3
Ke6 41. Rh1 Rc5 42. g4 Kf7 43. Rh4 Ke6 44. Ke2 Rcg5 45. Kf3 h5 46. gxh5 Rh6 47.
Ke2 Rgxh5 48. Rxh5 Rxh5 49. Kd3 Ke5 50. Rf3 c5 51. c4 Rh1 52. Rf5+ Ke6 53. Rf3
Rc1 54. Rf5 Ra1 55. Kc3 Ra3+ 56. Kd2 Rg3 57. Rf2 Rg5 58. Ke3 Rg1 59. Kd2 Ra1
60. Rf5 Ra3 61. Rh5 Rf3 62. Rd5 Rf2+ 63. Ke3 Rc2 64. Kd3 Rc1 65. Rf5 Rd1+ 66.
Kc3 Rd4 67. Rf4 Kf7 68. Rg4 Rd1 69. Kc2 Rf1 70. Rh4 Kg6 71. Rg4+ Kh5 72. Rg8
Re1 73. Kd3 Kh6 74. Rg4 Rd1+ 75. Kc3 Rf1 76. Rg3 Ra1 77. Rg4 Rf1 78. Rg3 Rc1+
79. Kd3 Rd1+ 80. Kc3 Rd4 81. Rf3 Kg5 82. Rf5+ Kg6 83. Rf4 Kg7 84. Rg4+ Kf7 85.
Rh4 Ke7 86. Rf4 Ke6 87. Kb3 Rd3+ 88. Kc2 Ra3 89. Rf5 Rg3 90. Kd2 Rb3 91. Kc2
Ra3 92. Kd2 Rg3 93. Kc2 Rg5 94. Rf3 Re5 95. Kd3 Ke7 96. Rh3 Kd7 97. Rh7+ Re7
98. Rh6 Rf7 99. Rh5 Kc6 100. Rf5 Kb6 101. Rd5 Kc7 1/2-1/2

[Event "CRO-Ch 2018"]
[Site "Pozega"]
[Date "2018.04.24"]
[Round "8.6"]
[White "Kozul, Zdenko"]
[Black "Saric, Ante"]
[Result "1/2-1/2"]
[WhiteElo "2611"]
[BlackElo "2541"]
[PlyCount "92"]
[EventDate "2018.??.??"]
[WhiteClock "1:30:00"]
[BlackClock "1:30:00"]

1. d4 Nf6 2. Nf3 d5 3. c4 e6 4. e3 Be7 5. Nc3 O-O 6. b3 c5 7. dxc5 dxc4 8. Qxd8
Rxd8 9. Bxc4 Bxc5 10. Bb2 a6 11. Be2 b5 12. Ne5 Bb7 13. Bf3 Bxf3 14. Nxf3 Nbd7
15. Ke2 Kf8 16. Rhd1 Ke8 17. g4 h6 18. h3 Rdc8 19. Rac1 Rc6 20. h4 Nxg4 21. Ne4
Rac8 22. Bxg7 Be7 23. Rxc6 Rxc6 24. Nd4 Rc8 25. Rg1 f5 26. f3 fxe4 27. Rxg4
exf3+ 28. Kxf3 Kf7 29. Rg2 Rg8 30. Nc6 Bxh4 31. Bxh6 Rxg2 32. Kxg2 Kg6 33. Bf4
Kf5 34. Kf3 e5 35. e4+ Ke6 36. Bd2 Be7 37. Ba5 Bd6 38. Nd8+ Ke7 39. Kg4 Kf6 40.
Be1 Nc5 41. Kf3 Nd3 42. Bd2 Ke7 43. Nb7 Ba3 44. Ke3 Nb4 45. Nc5 Nc2+ 46. Kd3
Bxc5 1/2-1/2

[Event "CRO-Ch 2018"]
[Site "Pozega"]
[Date "2018.04.25"]
[Round "9.1"]
[White "Saric, Ante"]
[Black "Kuljasevic, Davorin"]
[Result "1/2-1/2"]
[WhiteElo "2541"]
[BlackElo "2538"]
[PlyCount "24"]
[EventDate "2018.??.??"]
[WhiteClock "1:27:00"]
[BlackClock "1:30:00"]

1. c4 e5 2. Nc3 Nf6 3. Nf3 Nc6 4. g3 d5 5. cxd5 Nxd5 6. Bg2 Nb6 7. O-O Be7 8.
d3 O-O 9. a3 Re8 10. b4 Bf8 11. Bb2 a5 12. b5 Nd4 1/2-1/2

[Event "CRO-Ch 2018"]
[Site "Pozega"]
[Date "2018.04.25"]
[Round "9.3"]
[White "Martinovic, Sasa"]
[Black "Fercec, Nenad"]
[Result "1-0"]
[WhiteElo "2594"]
[BlackElo "2446"]
[PlyCount "53"]
[EventDate "2018.??.??"]
[WhiteClock "1:32:00"]
[BlackClock "1:31:00"]

1. d4 Nf6 2. c4 e6 3. Nc3 Bb4 4. Qc2 b6 5. e4 c5 6. d5 Qe7 7. Nge2 exd5 8. exd5
O-O 9. Bd2 d6 10. f3 a6 11. O-O-O b5 12. Ng3 Nbd7 13. Nf5 Qd8 14. Nxd6 Ne5 15.
Nxc8 bxc4 16. Bg5 h6 17. Bf4 Ng6 18. Bg3 Rxc8 19. Bxc4 Nh5 20. d6 Nxg3 21. hxg3
Ne5 22. Ne4 Rb8 23. Rh5 Nxc4 24. Qxc4 Re8 25. a3 Ba5 26. d7 Re6 27. Rxc5 1-0

[Event "CRO-Ch 2018"]
[Site "Pozega"]
[Date "2018.04.25"]
[Round "9.4"]
[White "Kovacevic, Blazimir"]
[Black "Palac, Mladen"]
[Result "1/2-1/2"]
[WhiteElo "2493"]
[BlackElo "2551"]
[PlyCount "86"]
[EventDate "2018.??.??"]
[WhiteClock "1:30:00"]
[BlackClock "1:30:00"]

1. d4 Nf6 2. Nf3 d5 3. e3 c5 4. Nbd2 Nbd7 5. dxc5 Nxc5 6. b4 Ncd7 7. c4 e6 8.
c5 a5 9. Qa4 Qc7 10. Bb2 Qb8 11. bxa5 Be7 12. Nb3 O-O 13. Rc1 Ne4 14. Bd3 f5
15. Qb5 f4 16. O-O Ng5 17. Be2 Nxf3+ 18. Bxf3 fxe3 19. fxe3 Ne5 20. Qe2 b6 21.
cxb6 Ba6 22. Bxe5 Qxe5 23. Qd2 Bxf1 24. Rxf1 Bg5 25. Re1 Rac8 26. Qd4 Qb8 27.
Bxd5 exd5 28. Qxd5+ Kh8 29. Qxg5 Rc2 30. Rd1 Rxa2 31. Qd5 Qe8 32. Nd4 Qxe3+ 33.
Kh1 Rd2 34. Rb1 Rxd4 35. Qb5 Qd3 36. Qxd3 Rxd3 37. h3 h6 38. b7 Rb8 39. a6 Ra3
40. Rc1 Rxa6 41. Rc8+ Kh7 42. Rxb8 Rb6 43. Kh2 Rb3 1/2-1/2

[Event "CRO-Ch 2018"]
[Site "Pozega"]
[Date "2018.04.25"]
[Round "9.5"]
[White "Saric, Ivan"]
[Black "Jovanovic, Zoran"]
[Result "1/2-1/2"]
[WhiteElo "2677"]
[BlackElo "2536"]
[PlyCount "115"]
[EventDate "2018.??.??"]
[WhiteClock "1:27:00"]
[BlackClock "1:30:00"]

1. e4 g6 2. d4 c6 3. Nc3 d5 4. Nf3 Bg7 5. Bf4 dxe4 6. Nxe4 Nf6 7. Nxf6+ exf6 8.
Qd2 O-O 9. O-O-O Bg4 10. Kb1 Nd7 11. h3 Be6 12. c4 a5 13. g4 Nb6 14. Qc2 a4 15.
a3 Qd7 16. Bd3 Nc8 17. g5 b5 18. gxf6 Bxf6 19. Ne5 Qxd4 20. Be4 Qc5 21. Nxc6
Qxc4 22. Qxc4 bxc4 23. h4 Ra6 24. Nb4 Rb6 25. Be3 Rb5 26. Bc6 Ra5 27. Nd5 Bxd5
28. Rxd5 Rxd5 29. Bxd5 Nd6 30. Bc5 Rd8 31. Bb4 h5 32. Rh3 Kg7 33. Ka2 Rc8 34.
f4 Nf5 35. Bb7 Rc7 36. Ba6 Nd4 37. Bc3 Rc6 38. Bb7 Rc7 39. Ba6 Rc6 40. Bb7 Rc5
41. Be4 Ne2 42. Bb4 Rc7 43. f5 c3 44. bxc3 Bxc3 45. Re3 Nc1+ 46. Kb1 Bxb4 47.
axb4 Nb3 48. Bd5 Nd2+ 49. Ka2 Rc2+ 50. Ka3 Nb1+ 51. Kxa4 Nc3+ 52. Rxc3 Rxc3 53.
fxg6 fxg6 54. b5 Rc5 55. Bb3 Rc8 56. b6 Kf6 57. Kb5 Rb8 58. Kc6 1/2-1/2

[Event "CRO-Ch 2018"]
[Site "Pozega"]
[Date "2018.04.25"]
[Round "9.6"]
[White "Bosiocic, Marin"]
[Black "Brkic, Ante"]
[Result "0-1"]
[WhiteElo "2605"]
[BlackElo "2596"]
[PlyCount "80"]
[EventDate "2018.??.??"]
[WhiteClock "1:30:00"]
[BlackClock "1:30:00"]

1. d4 Nf6 2. Nf3 d5 3. c4 e6 4. g3 Bb4+ 5. Bd2 Be7 6. Bg2 O-O 7. O-O Nbd7 8.
Qb3 c6 9. Nc3 Nb6 10. cxd5 exd5 11. Ne5 Bf5 12. Rad1 Nfd7 13. Bf4 Nxe5 14. dxe5
Qc8 15. e4 dxe4 16. Nxe4 Qe6 17. Nd6 Qxb3 18. axb3 Bxd6 19. Rxd6 Be6 20. Rd3
Rfd8 21. Rfd1 Rxd3 22. Rxd3 Nd7 23. b4 a5 24. Ra3 a4 25. Rd3 h6 26. h4 Kf8 27.
h5 Ke8 28. Bf3 Nb6 29. Be3 Nc4 30. Bd4 Rd8 31. Rd1 Rxd4 32. Rxd4 Nxb2 33. Be4
a3 34. Bb1 b5 35. Rd2 Na4 36. Rc2 Bf5 37. Rc1 Bxb1 38. Rxb1 c5 39. bxc5 a2 40.
Ra1 Nc3 0-1

[Event "CRO-Ch 2018"]
[Site "Pozega"]
[Date "2018.04.26"]
[Round "10.1"]
[White "Kuljasevic, Davorin"]
[Black "Brkic, Ante"]
[Result "1-0"]
[WhiteElo "2538"]
[BlackElo "2596"]
[PlyCount "111"]
[EventDate "2018.??.??"]
[WhiteClock "1:30:00"]
[BlackClock "1:30:00"]

1. d4 Nf6 2. c4 e6 3. Nc3 Bb4 4. Qc2 d5 5. cxd5 exd5 6. Bf4 c5 7. dxc5 Nc6 8.
e3 O-O 9. Nf3 d4 10. O-O-O Bxc5 11. exd4 Bd6 12. Bxd6 Qxd6 13. a3 Bg4 14. Kb1
Rac8 15. d5 Ne7 16. Qb3 Rfd8 17. Bd3 Nexd5 18. Nxd5 Nxd5 19. Be4 Be6 20. Rd4
Nf6 21. Rxd6 Bxb3 22. Rxd8+ Rxd8 23. Bxb7 Ng4 24. Rc1 h6 25. Rc8 Rxc8 26. Bxc8
Nxf2 27. Bb7 Kf8 28. Nd4 Bc4 29. Bf3 g5 30. Kc2 g4 31. Bb7 Ke7 32. Kc3 Ba2 33.
Kd2 Bb1 34. Nc6+ Kd6 35. Nxa7 Kc5 36. Nc8 f5 37. g3 h5 38. b4+ Kd4 39. Nd6 f4
40. gxf4 h4 41. a4 Nd3 42. a5 Nxb4 43. a6 Nxa6 44. Bxa6 Kd5 45. Nb5 Ke4 46.
Nc3+ Kxf4 47. Nxb1 Kf3 48. Be2+ Kg2 49. Bxg4 Kxh2 50. Ke2 Kg2 51. Bf3+ Kg1 52.
Nd2 h3 53. Nf1 h2 54. Ng3 h1=Q 55. Nxh1 Kh2 56. Kf2 1-0

[Event "CRO-Ch 2018"]
[Site "Pozega"]
[Date "2018.04.26"]
[Round "10.2"]
[White "Jovanovic, Zoran"]
[Black "Bosiocic, Marin"]
[Result "1/2-1/2"]
[WhiteElo "2536"]
[BlackElo "2605"]
[PlyCount "36"]
[EventDate "2018.??.??"]
[WhiteClock "1:26:00"]
[BlackClock "1:30:00"]

1. e4 c5 2. Nc3 e6 3. Nge2 Nc6 4. g3 a6 5. Bg2 b5 6. d4 cxd4 7. Nxd4 Bb7 8. O-O
Bc5 9. Be3 Qb6 10. Nxc6 Bxc6 11. Re1 Ne7 12. Qd2 O-O 13. Rad1 Rac8 14. a3 Rfd8
15. Qd6 Bxd6 16. Bxb6 Bc7 17. Bxc7 Rxc7 18. Nd5 Bxd5 1/2-1/2

[Event "CRO-Ch 2018"]
[Site "Pozega"]
[Date "2018.04.26"]
[Round "10.3"]
[White "Palac, Mladen"]
[Black "Saric, Ivan"]
[Result "1/2-1/2"]
[WhiteElo "2551"]
[BlackElo "2677"]
[PlyCount "102"]
[EventDate "2018.??.??"]
[WhiteClock "1:16:00"]
[BlackClock "1:30:00"]

1. d4 Nf6 2. c4 g6 3. Nc3 Bg7 4. e4 d6 5. h3 Nbd7 6. Be3 e5 7. d5 Nc5 8. Qc2 a5
9. Nge2 c6 10. g4 cxd5 11. cxd5 Bd7 12. Ng3 Rc8 13. g5 Nh5 14. Nxh5 gxh5 15.
Bb5 Bxb5 16. Nxb5 a4 17. Nc3 O-O 18. Nxa4 Ne6 19. Nc3 Nf4 20. h4 b5 21. a3 Qd7
22. Kd2 Rc4 23. Qb3 Rfc8 24. Rac1 Qg4 25. Rhg1 Qxh4 26. Nxb5 Rxc1 27. Rxc1 Rb8
28. a4 Qg4 29. Qc4 Bf8 30. b4 h4 31. a5 Ra8 32. Na7 h3 33. b5 h2 34. b6 Nh3 35.
b7 Rb8 36. Qc8 Qxe4 37. Qxb8 Qb4+ 38. Kc2 Ng1 39. Nc6 Qa4+ 40. Kb2 Qb5+ 41. Ka3
h1=Q 42. Ne7+ Kg7 43. Nf5+ Kg6 44. Ne7+ Kh5 45. Qxf8 Qxa5+ 46. Kb3 Qb5+ 47. Ka3
Qa6+ 48. Kb3 Qxb7+ 49. Ka3 Qa6+ 50. Kb3 Qb5+ 51. Ka3 Qa5+ 1/2-1/2

[Event "CRO-Ch 2018"]
[Site "Pozega"]
[Date "2018.04.26"]
[Round "10.4"]
[White "Fercec, Nenad"]
[Black "Kovacevic, Blazimir"]
[Result "1/2-1/2"]
[WhiteElo "2446"]
[BlackElo "2493"]
[PlyCount "131"]
[EventDate "2018.??.??"]
[WhiteClock "1:30:00"]
[BlackClock "1:30:00"]

1. e4 c6 2. d4 d5 3. e5 c5 4. Nf3 Nc6 5. c4 cxd4 6. Nxd4 dxc4 7. Nxc6 Qxd1+ 8.
Kxd1 bxc6 9. Bxc4 Bf5 10. Nc3 e6 11. Ke2 Ne7 12. Be3 Nd5 13. Nxd5 exd5 14. Bb3
Be7 15. Rac1 Kd7 16. Ba4 Rhc8 17. Rhd1 Be6 18. Rc2 Rc7 19. Rdc1 Rac8 20. a3 Bf5
21. Rc3 f6 22. Bf4 fxe5 23. Bxe5 Bf6 24. Bxf6 gxf6 25. Kd2 Be4 26. f3 Bg6 27.
Rc5 Kd6 28. b4 Be8 29. Bb3 Bf7 30. Ba4 Be8 31. Kd3 Bd7 32. Kd4 a6 33. Bb3 Be6
34. Ra5 Ra7 35. Bc2 Rg8 36. g3 Bc8 37. Rc5 Rc7 38. Bb3 Rgg7 39. Re1 Rg8 40.
Rec1 Rgg7 41. Ba4 Bb7 42. Re1 Rge7 43. Rcc1 h6 44. f4 a5 45. Bc2 axb4 46. axb4
Ba6 47. Ra1 Bb5 48. Bf5 Rxe1 49. Rxe1 Re7 50. Ra1 Rb7 51. Ra8 Bf1 52. Rd8+ Ke7
53. Rh8 Rxb4+ 54. Kc5 Rc4+ 55. Kb6 d4 56. Rh7+ Ke8 57. Be6 Ra4 58. Bd7+ Kf8 59.
Bxc6 Ra6+ 60. Kc5 d3 61. Rh8+ Kg7 62. Rd8 f5 63. Rd7+ Kf6 64. Rd6+ Kg7 65. Rd7+
Kf6 66. Rd6+ 1/2-1/2